Usborne stories of knights & castles / (Record no. 33153)

MARC details
000 -LEADER
fixed length control field 02895nam a22003977a 4500
005 - DATE AND TIME OF LATEST TRANSACTION
control field 20091218102538.0
008 - FIXED-LENGTH DATA ELEMENTS--GENERAL INFORMATION
fixed length control field 090120t xxu||||| |||| 00| 0 eng d
010 ## - LCCN (DPL NO)
LC control number B-389947-958
020 ## - INTERNATIONAL STANDARD BOOK NUMBER
International Standard Book Number 9780746070796
Terms of availability 675.00
035 ## - SYSTEM CONTROL NUMBER
System control number B-389947-958
037 ## - SOURCE OF ACQUISITION
Source of stock number/acquisition Scholastic
040 ## - CATALOGING SOURCE
Original cataloging agency dpl
Language of cataloging English
082 ## - DEWEY DECIMAL CLASSIFICATION NUMBER
Classification number S
100 ## - MAIN ENTRY--PERSONAL NAME
Personal name Milbourne, Anna
245 ## - TITLE STATEMENT
Title Usborne stories of knights & castles /
Statement of responsibility, etc by Anna Milbourne; edited by Gillian Doherty; illustrated by Alan Marks
260 ## - PUBLICATION, DISTRIBUTION, ETC. (IMPRINT)
Place of publication, distribution, etc London
Name of publisher, distributor, etc Usborne Publishing
Date of publication, distribution, etc 2006
270 ## - ADDRESS
Address Usborne House, 83-85 Saffron Hill
City London
300 ## - PHYSICAL DESCRIPTION
Extent 96p.:
Other physical details col. ill.
Dimensions 26cm(Hb)
650 ## - SUBJECT ADDED ENTRY--TOPICAL TERM
Topical term or geographic name as entry element Stories
700 ## - ADDED ENTRY--PERSONAL NAME
Personal name Doherty, Gillian
700 ## - ADDED ENTRY--PERSONAL NAME
Personal name Marks, Alan
942 ## - ADDED ENTRY ELEMENTS (KOHA)
Source of classification or shelving scheme Dewey Decimal Classification
Item type Children Books
Classification part S
Call number suffix MIL
Holdings
Withdrawn status Lost status Source of classification or shelving scheme Damaged status Not for loan Collection code Home library Current library Date acquired Source of acquisition Cost, normal purchase price Total Checkouts Full call number Barcode Date last seen Copy number Cost, replacement price Koha item type Total Renewals Public note
    Dewey Decimal Classification     Fiction Andrews Gunj Andrews Gunj 31/05/2010 Scholastic/TR-B-02585HQ/29.3.20/169/27.1.10/29.3.10 675.00 1 S MIL B-389952 05/10/2021 1 675.00 Children Books 1  
    Dewey Decimal Classification     Fiction Bawana Bawana 31/05/2010 Scholastic/TR-B-02585HQ/29.3.20/169/27.1.10/29.3.10 675.00 1 S MIL B-389955 28/06/2019 1 675.00 Children Books    
    Dewey Decimal Classification     Fiction Bawana Bawana 31/05/2010 Scholastic/TR-B-02585HQ/29.3.20/169/27.1.10/29.3.10 675.00   S MIL B-389957 31/05/2010 1 675.00 Children Books    
    Dewey Decimal Classification     Fiction Central Library Central Library 31/05/2010 Scholastic/TR-B-02585HQ/29.3.20/169/27.1.10/29.3.10 675.00 1 S MIL B-389947 16/04/2018 1 675.00 Children Books    
Withdrawn   Dewey Decimal Classification     Fiction Janak Puri Janak Puri 31/05/2010 Scholastic/TR-B-02585HQ/29.3.20/169/27.1.10/29.3.10 675.00 33 S MIL B-389949 21/06/2014 1 675.00 Children Books 1  
Written off   Dewey Decimal Classification     Fiction Narela Narela 31/05/2010 Scholastic/TR-B-02585HQ/29.3.20/169/27.1.10/29.3.10 675.00   S MIL B-389956 31/05/2010 1 675.00 Children Books   Written off on approval by DLB (By Circulation); dtd 20.12.2022
Withdrawn   Dewey Decimal Classification     Fiction Patel Nagar Patel Nagar 31/05/2010 Scholastic/TR-B-02585HQ/29.3.20/169/27.1.10/29.3.10 675.00   S MIL B-389948 31/05/2010 1 675.00 Children Books    
    Dewey Decimal Classification     Fiction R.K.Puram-8 R.K.Puram-8 31/05/2010 Scholastic/TR-B-02585HQ/29.3.20/169/27.1.10/29.3.10 675.00 1 S MIL B-389951 23/03/2021 1 675.00 Children Books    
    Dewey Decimal Classification     Fiction Sarojini Nagar Sarojini Nagar 31/05/2010 Scholastic/TR-B-02585HQ/29.3.20/169/27.1.10/29.3.10 675.00 3 S MIL B-389950 19/03/2026 1 675.00 Children Books 2  
    Dewey Decimal Classification     Fiction Shahdara Branch Shahdara Branch 31/05/2010 Scholastic/TR-B-02585HQ/29.3.20/169/27.1.10/29.3.10 675.00 1 S MIL B-389958 20/04/2024 1 675.00 Children Books    
    Dewey Decimal Classification     Fiction Sriniwas Puri Sriniwas Puri 31/05/2010 Scholastic/TR-B-02585HQ/29.3.20/169/27.1.10/29.3.10 675.00   S MIL B-389953 31/05/2010 1 675.00 Children Books    
    Dewey Decimal Classification     Fiction Vinoba Puri Vinoba Puri 31/05/2010 Scholastic/TR-B-02585HQ/29.3.20/169/27.1.10/29.3.10 675.00 10 S MIL B-389954 10/08/2022 1 675.00 Children Books 1  

© Delhi Public Library
Hit Counter
free hit counter